000 00966nam a22002657a 4500
999 _c63628
_d63628
005 20240530110651.0
008 171212s2016 sa hk g b 000 0 ara d
017 _a21256
_bمصر. دار الكتب
020 _a9789773583361
040 _aEG-CaGPL
_cEG-CaGPL
082 0 4 _221
_a302.14 /
_bأ س
100 0 _aاحمد سامى يوسف
245 1 0 _a6 شارع الايجابيين /
_cاحمد سامى يوسف
250 _aط. 1
260 _aالقاهرة :
_bدار الفجر للنشر و التوزيع ،
_c2016.
300 _a202 ص. :
_bايض ؛
_c19 سم.
504 _aيشتمل على ارجاعات ببليوجرافية
650 0 7 _2qrmak
_aالسلوك الاجتماعى
650 0 7 _2qrmak
_aالاحوال الاجتماعية
650 0 7 _2qrmak
_aالاصلاح الاجتماعى
651 _2qrmak
653 0 _aالمشاركة الاجتماعية
942 _2ddc
_cBK